Arquitectura a Cielo Abierto en Iberomérica Como un Invariante Continental : (Record no. 8551)

MARC details
000 -LEADER
campo de control de longitud fija 00442nam a2200133Ia 4500
005 - FECHA Y HORA DE LA ÚLTIMA TRANSACCIÓN
campo de control 20260328101448.0
008 - DATOS DE LONGITUD FIJA--INFORMACIÓN GENERAL
campo de control de longitud fija 260328s9999||||xx |||||||||||||| ||und||
100 ## - ENTRADA PRINCIPAL--NOMBRE DE PERSONA
Nombre de persona Artigas, Juan Benito
245 #0 - MENCIÓN DEL TÍTULO
Título Arquitectura a Cielo Abierto en Iberomérica Como un Invariante Continental :
Resto del título México, Guatemala, Colombia, Bolivia, Brasil y Filipinas /
Mención de responsabilidad, etc. Juan Benito Artigas
260 ## - PUBLICACIÓN, DISTRIBUCIÓN, ETC.
Nombre del editor, distribuidor, etc. UNAM
300 ## - DESCRIPCIÓN FÍSICA
Extensión 127 p.
650 ## - PUNTO DE ACCESO ADICIONAL DE MATERIA--TÉRMINO DE MATERIA
Término de materia o nombre geográfico como elemento de entrada LATINOAMERICA
942 ## - ELEMENTOS DE ENTRADA SECUNDARIOS (KOHA)
Tipo de ítem Koha Libros
Holdings
Estatus retirado Estado de pérdida Estado de daño No para préstamo Colección Biblioteca de origen Biblioteca actual Ubicación en estantería Fecha de adquisición Número de inventario Total de préstamos Signatura topográfica completa Código de barras Visto por última vez Copia número Precio de reemplazo Tipo de ítem Koha
        General Biblioteca Gonzalo Peláez Caldas Biblioteca Gonzalo Peláez Caldas Colección general 28/03/2026 2348   725.1 Ar 786 2348 28/03/2026 1 28/03/2026 Libros